|
|
|
|
| LEADER |
00994cam a2200277 7i4500 |
| 001 |
0000072468 |
| 005 |
20221109090000.0 |
| 020 |
|
|
|a 9781003132943 (electronic book)
|
| 090 |
0 |
0 |
|a HF5679
|b .R68 2023
|
| 245 |
0 |
4 |
|a The Routledge handbook of accounting information systems
|c edited by Martin Quinn and Erik Strauss.
|
| 250 |
|
|
|a 2nd edition.
|
| 264 |
|
|
|a Abingdon, Oxon ; New York:
|b Routledge,
|c 2023.
|
| 300 |
|
|
|a 1 online resource (xi, 370 pages):
|b text file, PDF.
|
| 336 |
|
|
|a text
|2 rdacontent
|
| 337 |
|
|
|a computer
|2 rdamedia
|
| 338 |
|
|
|a online resource
|2 rdacarrier
|
| 650 |
|
0 |
|a Management information systems
|
| 650 |
|
0 |
|a Accounting --
|x Data processing
|
| 655 |
|
0 |
|a Electronic books
|
| 700 |
1 |
|
|a Quinn, Martin
|
| 700 |
1 |
|
|a Strauss, Erik
|
| 856 |
4 |
2 |
|u http://library.unisel.edu.my/web/guest/mylibrary
|
| 997 |
|
|
|a Business & Accountancy, Faculty
|
| 998 |
|
|
|a Accountancy, Diploma
|
| 998 |
|
|
|a Accountancy, Degree
|
| 999 |
|
|
|a EBO0015853
|b EBOOK
|c EBOOK
|e Electronic resources
|